Forme dei Paesi del Mar Mediterraneo - Statistics

Statistiche generali
  • Questo quiz è stato fatto 2.866 volte
  • Il punteggio medio è 17 su 21
Statistiche sulle risposte
con Immagini Risposta % Corretto
Spagna
99%
Francia
98%
Grecia
97%
Italia
97%
Croazia
94%
Egitto
93%
Turchia
92%
Cipro
91%
Marocco
90%
Libia
83%
Israele
82%
Bosnia ed Erzegovina
81%
Algeria
78%
Albania
77%
Malta
76%
Tunisia
73%
Monaco
69%
Montenegro
63%
Siria
62%
Libano
61%
Slovenia
59%
Nessun quiz corrispondente trovato
Distribuzione punteggi
Percentuale di utenti per punteggio
Percentile per numero di risposta
I tuoi punteggi nel tempo
Non hai fatto questo quiz